Citation Star Wars (QCM) #2 - Statistiques

Statistiques générales
  • Ce quiz a été pris 707 fois
  • Le résultat moyen est 6 sur 8
Statistiques - réponses
Question Réponse % Correct
"Jamais, je ne viendrai jamais du côté obscur, vous avez échoué votre altesse, je suis _____ comme mon père l’était avant moi." un Jedi
97%
"Ainsi s’éteint la liberté... _____." sous des applaudissements
89%
"La prophétie voulait que tu détruises les Sith, pas que tu _____ !" deviennes comme eux
87%
"Ce n’est pas parce que tu parles que tu es _____." intelligent
76%
"Tu apprendras que beaucoup de vérités auxquelles nous tenons dépendent avant tout de notre _____." propre point de vue
73%
"Quand 900 ans comme moi tu auras, _____ tu seras !" moins en forme
71%
"Tu sais contrôler ta peur… maintenant libère ta colère. Seule ta haine peut _____." me détruire
51%
"Une fois que tu t’engages sur le chemin du côté obscur, à jamais il dominera _____." ton destin
18%
Aucun quiz correspondant
Distribution des résultats
% des personnes avec chaque résultat
Percentile par nombre de réponses
Votre historique - résultats
Vous n’avez pas pris ce quiz